Vojenská veterinárna služba v prospech zdravia vojsk, služobných a hospodárskych zvierat zborník z vedeckej konferencie s medzinárodnou účasťou, 26.-27. novembra 1997 ... Košice

Podrobná bibliografia
Médium: Kniha
Jazyk:slovenčina
Fyzický popis:297 strán schémy, tabuľky 21 cm
Vydavateľské údaje: Košice Vojenský veterinárny ústav 1997
ISBN:8071660256
Predmet:

MARC

LEADER 00000cam a2200000 a 4500
001 vtls001349165
003 SK-MaSNL
005 20260301010307.0
008 220509s1997 xo l frn 10000 slo
015 |a SNBA1999/03-00974 
020 |a 8071660256  |q (brožované) 
035 |a SNK000302461 
035 |a urn:nbn:sk:snk-am3izoz 
035 |a D5A0109D-2728-4AE3-8456-FE79A338215D 
035 |a urn:nbn:sk:snk-am00gmj7 
040 |a SNK  |b slo  |c SNK  |e AACR2 
041 0 |a slo 
044 |a xo  |c SK 
072 7 |a 355/359  |x Vojenstvo. Obrana krajiny. Ozbrojené sily  |2 konspekt 
072 7 |a 614  |x Verejné zdravie a hygiena  |2 konspekt 
072 7 |a 636.09  |x Veterinárna medicína  |2 konspekt 
080 |a 619:637(082)  |2 1981 
080 |a 614.9(082)  |2 1981 
080 |a 355/359  |2 2011 
080 |a 614.31  |2 2011 
080 |a 636.09  |2 2011 
080 |a (062.534)  |2 2011 
245 0 0 |a Vojenská veterinárna služba v prospech zdravia vojsk, služobných a hospodárskych zvierat  |b zborník z vedeckej konferencie s medzinárodnou účasťou, 26.-27. novembra 1997 ... Košice 
246 1 1 |a Military veterinary service in benefit of the health of troops, service and agricultural animals 
260 |a Košice  |b Vojenský veterinárny ústav  |c 1997 
300 |a 297 strán  |b schémy, tabuľky  |c 21 cm 
366 |e 125 kusov 
500 |a Čiastočne text anglicky ; názov súbežne anglicky 
504 |a Obsahuje bibliografické odkazy 
650 0 7 |a hygiena potravín  |2 SNKPH  |9 2487 
650 0 7 |a veterinárna medicína  |2 SNKPH  |9 1148 
650 0 7 |a veterinárna služba  |2 SNKPH  |9 79039 
650 0 7 |a vojenstvo  |2 SNKPH  |9 22591 
655 7 |a zborníky konferencií  |2 SNKPH  |9 70153 
919 |a 80-7166-025-6 
958 |a ART 
958 |a TL 
958 |a NB 
958 |a MI 
958 |a OND 
999 |c 547697  |d 549627 
952 |t P60, <09>, [BOOK], {629}  |a SNK  |b SNK  |y NEVYP  |7 0  |o snkC 952  |i snk1791/981214  |0 0  |1 0  |4 0  |d 1998-12-11  |l 0  |r 2005-01-02 00:00:00  |w 2026-02-23 
952 |t P60, <03>, [BOOK], {603}  |a SNK  |b SNK  |y PREZ  |7 0  |p 17A0171789  |o snkSC 97419  |i snkKSP 11411/98  |0 0  |1 0  |4 0  |d 1998-12-11  |l 0  |r 2025-09-16 00:00:00  |w 2026-02-23 
952 |t P60, <04>, [BOOK], {604}  |a SNK  |b SNK  |y VYP  |7 0  |p 17A0171790  |o snkSC 97419 D1  |i snkKSP 11412/98  |0 0  |1 0  |4 0  |d 1998-12-11  |l 0  |r 2005-01-02 00:00:00  |w 2026-02-23